Loading...

PRINCIPLES OF ELECTROLYSIS (MONOGRAPH FOR TEACHERS) NO.1

Bibliographic Details
Main Author: DAVIS,CW
Format: Printed Book
Published: LONDON ROYAL INSTITUTE OF CHEMISTRY 1962
Subjects:
LEADER 00565nam a2200181 4500
020 |c 3.6 
082
100 |a DAVIS,CW 
245 |a PRINCIPLES OF ELECTROLYSIS (MONOGRAPH FOR TEACHERS) NO.1  |h ENGLISH 
250
260 |a LONDON  |b ROYAL INSTITUTE OF CHEMISTRY  |c 1962 
300 |a 0 
500 |a   
590 |d SHILLI 3.6 
650 |a PRINCIPLES OF ELECTROLYSIS (MONOGRAPH FOR TEACHERS) NO.1 
942 |c BK 
999 |c 119137  |d 119137 
952 |0 0  |1 0  |2 ddc  |4 1  |7 0  |9 132602  |a CHE  |b CHE  |g 3.60  |l 0  |p CHE443  |r 2019-10-15  |w 2019-10-15  |y BK